00487nam a22001577a 4500003000900000008004100009040007100050082002200121100001800143245001900161260003100180300002900211440004200240650001600282650003100298AR-CdUCM190319b ||||| |||| 00| 0 spa d aMUNICIPALIDAD PROVINCIAL DEL CUSCOcBIBLIOTECA MUNICIPAL DEL CUSCO 22ed.a082 /bAR72 aAristóteles aMetafísica / aLima : bUniverso, c1977. a170 páginas ; c17 cm. aColección autores clásicosn : 41 aMetafíca  aFilosofía griega antigua